Steden van Limburg (België) - Statistics

General Stats
  • This quiz has been taken 47 times
  • The average score is 9 of 14
Answers on the Map
Answers color-coded by a green-red scale on the quiz's map according to % correct below.
 
Answer Stats
answer % Correct
Hasselt
95%
Genk
90%
Lommel
78%
Sint-Truiden | Saint-Trond
78%
Tongeren-Borgloon | Tongres-Looz | Tongern-Borgloon
73%
Maaseik | Maeseyck | Maeseyk
71%
Bree | Brée
63%
Beringen | Béringue
59%
Peer
59%
Hamont-Achel
54%
Herk-de-Stad | Herck-la-Ville
44%
Dilsen-Stokkem | Dilsen-Stockem | Dilsen-Stockheim
39%
Halen | Haelen
39%
Bilzen-Hoeselt | Bilsen-Hoeselt
34%
No matching quizzes found
Score Distribution
Percent of People with Each Score
Percentile by Number Answered
Your Score History
You have not taken this quiz